000
00328nam a2200157Ia 4500
003
Ost
005
20260225132542.0
008
260225s9999||||xx |||||||||||||| ||und||
040
_c
fsic
041
_a
fre
082
_a
973.914
100
_a
Mare Ferro
_e
Auteur
245
0
_a
Suez /
245
0
_c
Mare Ferro
942
_c
كتاب
999
_c
33560
_d
33560